|
|
|
|
| LEADER |
00000nab a2200000 a 4500 |
| 001 |
vtls000756436 |
| 003 |
SK-MaSNL |
| 005 |
20260304113623.0 |
| 008 |
250429c2001 xo 0 slo |
| 015 |
|
|
|a SNBRB2001/05-14703
|
| 035 |
|
|
|a CLN000108223
|
| 035 |
|
|
|a urn:nbn:sk:snk-ab7aie
|
| 035 |
|
|
|a (uuid)74aa0647-8fd4-4669-8b49-900b9c838804
|
| 035 |
|
|
|a (urnnbn)urn:nbn:sk:snk:ar-a07dng
|
| 035 |
|
|
|a (sysno)vtls000756436
|
| 040 |
|
|
|a SNKBUCL
|b slo
|c SNKBUCL
|e AACR2
|
| 041 |
0 |
|
|a slo
|
| 044 |
|
|
|a xo
|c SK
|
| 080 |
|
|
|a 159.9-051(437.6)
|2 1997
|
| 080 |
|
|
|a 57.087
|2 1997
|
| 080 |
|
|
|a 929 Štukovský, Róbert
|2 1997
|
| 100 |
1 |
|
|a Malý, Myrón,
|d 1947-
|4 aut
|9 253252
|
| 245 |
1 |
0 |
|a Doc. Ing. Róbert Štukovský, CSc. 13.9.1928-19.12.2000
|c Myrón Malý, Kováčová
|
| 600 |
1 |
7 |
|a Štukovský, Róbert,
|d 1928-2000
|2 snkbucl
|9 209731
|
| 655 |
|
7 |
|a profily
|2 snkbucl
|9 341977
|
| 655 |
|
7 |
|a články z novín a časopisov
|2 snkbucl
|9 267496
|
| 700 |
1 |
|
|a Kováčová
|4 aut
|9 1120788
|
| 773 |
0 |
|
|t Eurorehab
|g Roč. 11, č. 1 (2001), s. 54-55
|x 1210-0366
|
| 850 |
|
|
|a Slovenská národná knižnica
|
| 852 |
|
|
|a Slovenská národná knižnica
|
| 954 |
|
|
|a odborná, vedecká literatúra pôvodná (slovenská)
|2 lita
|
| 958 |
|
|
|a article27
|
| 958 |
|
|
|a OND
|
| 958 |
|
|
|a MI
|
| 958 |
|
|
|a SK
|
| 958 |
|
|
|a BX
|
| 958 |
|
|
|a EUIPO
|
| 992 |
|
|
|a RBX
|
| 999 |
|
|
|c 2870149
|d 2872079
|